Statistics for New York Knicks: Most 3-PT FGs Each Year

Click here to take the quiz!

General Stats

  • This quiz has been taken 174 times
    (50 since last reset)
  • The average score is 17 of 44

Answer Stats

YearPlayer3-PT FGs% Correct
2022-2023Julius Randle218
100%
2016-2017Carmelo Anthony151
94%
2015-2016Carmelo Anthony105
94%
2012-2013Carmelo Anthony157
94%
1997-1998John Starks130
75%
1994-1995John Starks217
75%
1993-1994John Starks113
75%
1992-1993John Starks108
75%
1991-1992John Starks94
75%
1995-1996John Starks143
75%
1996-1997John Starks150
75%
2013-2014J.R. Smith189
69%
1998-1999Allan Houston57
50%
1999-2000Allan Houston106
50%
2002-2003Allan Houston178
50%
2003-2004Allan Houston87
50%
2000-2001Allan Houston96
50%
2001-2002Latrell Sprewell145
42%
2021-2022Evan Fournier241
33%
2006-2007Stephon Marbury123
31%
2017-2018Tim Hardaway, Jr.130
25%
2014-2015Tim Hardaway, Jr.121
25%
2009-2010Danilo Gallinari186
21%
1979-1980Michael Ray Richardson27
21%
1980-1981Michael Ray Richardson23
21%
1983-1984Ray Williams25
21%
2011-2012Steve Novak133
19%
2019-2020Marcus Morris116
17%
2020-2021Reggie Bullock163
17%
2004-2005Jamal Crawford185
15%
2005-2006Jamal Crawford101
15%
2007-2008Jamal Crawford176
15%
1982-1983Paul Westphal/Trent Tucker14
15%
1990-1991Trent Tucker64
13%
1984-1985Trent Tucker29
13%
1989-1990Trent Tucker95
13%
1985-1986Trent Tucker41
13%
1986-1987Trent Tucker68
13%
1987-1988Trent Tucker69
13%
1988-1989Trent Tucker118
13%
2008-2009Al Harrington160
4%
2018-2019Damyean Dotson126
4%
1981-1982Campy Russell25
2%
2010-2011Toney Douglas143
2%

Score Distribution

Percentile by Number Answered

Percent of People with Each Score

Your Score History

You have not taken this quiz since the last reset